| 000 | 00575nam a22001937a 4500 | ||
|---|---|---|---|
| 003 | OSt | ||
| 005 | 20160323132907.0 | ||
| 008 | 160323b xxu||||| |||| 00| 0 eng d | ||
| 020 | _a9780415887205 | ||
| 040 | _cDDC | ||
| 082 | _a370.7 QUA 2010 | ||
| 100 |
_aedited by Michael, Crossley; Graham, Vulliamy _97384 |
||
| 245 | _aQualitative Educational research in developing Countries: current perspectives | ||
| 260 | _aNew York; Routledge, 2010 | ||
| 300 | _axiii,309p; ill: 22cm | ||
| 504 | _aIndices included | ||
| 650 |
_aEducation Research _97385 |
||
| 942 |
_2z _cO_SHELF |
||
| 999 |
_c3294 _d3294 |
||